00419nam a2200121Ia 4500008004100000100002000041245003700061245002900098260000900127856006900136999001900205952007300224160531s9999 xx 000 0 und d aClark, Peter A. aContemporary Issues in Bioethics cEdited by Peter A. Clark c2012 uhttp://www.intechopen.com/books/contemporary-issues-in-bioethics c295439d295439 001040aCLbCLd2016-05-31l0r2016-05-31 00:00:00w2016-05-31yCBE